| 000 | 00447nam a2200169 a 4500 | ||
|---|---|---|---|
| 005 | 20140310183140.0 | ||
| 008 | 021021s19uu xx 00 eng d | ||
| 050 |
_aHF 5387 _b.K88 1999 |
||
| 100 | _aKourdi, Jeremy | ||
| 245 |
_aDecision making / _cJeremy Kourdi. |
||
| 260 |
_aGreat Britain : _bOrion Business, _c1999. |
||
| 300 |
_a162 p. : _c20 cm. |
||
| 521 | _aBSBA | ||
| 650 | _aDecision making | ||
| 942 |
_cBK _2lcc _kFOR |
||
| 999 |
_c19384 _d19384 |
||